| 000 | 01724nam a2200241Ia 4500 | ||
|---|---|---|---|
| 008 | 260220t1979||||xx |||||||||||||| ||spa|| | ||
| 040 |
_aPY-SlUNAC _bspa _erda |
||
| 041 | _aspa | ||
| 082 |
_a813 _bF319a |
||
| 100 |
_aFelitta, Frank de _eAutor |
||
| 245 | 0 |
_aAudrey Rosc / _cpor Frank de Felitta [Autor] |
|
| 264 |
_aBarcelona : _bIndustria Grafica, _c℗1979. |
||
| 300 | _a1 volumen | ||
| 520 | _aEl libro de Frank de Felitta y Audrey Rosc, publicado en 1979, explora el impacto de la industria gráfica en la sociedad contemporánea, analizando su evolución y las tecnologías emergentes que han transformado la producción y distribución de contenido visual. A través de un enfoque crítico, los autores examinan las implicaciones culturales, económicas y artísticas de la gráfica, destacando el papel que desempeña en la comunicación y en la construcción de la identidad visual. El texto aborda tanto los aspectos técnicos de la impresión y la reproducción como las tendencias estéticas que han surgido en el contexto de la modernidad, ofreciendo una visión integral que combina teoría y práctica. Además, se discuten los desafíos que enfrenta la industria ante la digitalización y el cambio en las preferencias del consumidor. Con un estilo accesible y bien documentado, el libro se convierte en una referencia esencial para estudiantes y profesionales interesados en el diseño gráfico y la historia de los medios visuales. | ||
| 653 | _aImpresión | ||
| 653 | _aIndustria gráfica | ||
| 653 | _aProducción editorial | ||
| 942 |
_b2026/02/17 _cBK |
||
| 999 |
_c8998 _d8998 |
||